000 00864nam a22001457a 4500
999 _c59605
_d59605
005 20230322121245.0
008 230322c2021 ge ||||| |||| 00| 0 geo d
022 _a1512-0481
245 _aსაქართველოს უზენაესი სასამართლოს გადაწყვეტილებანი /
_bადმინისტრაციულ საქმეებზე : [ყოველთვიური]. ადმინისტრაციული ხელშეკრულება. ზიანის ანაზრაურება.
260 _aთბილისი,
_c2000-
300 _av.
653 _aსაქართველოს უზენაესი სასამართლოს გადაწყვეტილებანი
653 _aპერიოდიკა
942 _2udc
_cCR